| 000 | 00533nam a22001937a 4500 | ||
|---|---|---|---|
| 001 | TVUNI | ||
| 005 | 20260126014641.0 | ||
| 008 | 221102s2011 vm vie d | ||
| 020 | _c120000 | ||
| 040 |
_aTVUNI _eAACR2 |
||
| 041 | 0 | _avie | |
| 100 | 1 | _aPhạm, Ngọc Quyết | |
| 245 | 1 | 0 |
_aKinh tế học tập 2 / _cPhạm Ngọc Quyết |
| 250 | _aTái bản lần thứ nhất. Sách tham khảo | ||
| 260 |
_aHà Nội : _bTài Chính, _c2011 |
||
| 300 |
_a809 tr. ; _c24 cm. |
||
| 942 |
_2ddc _cBK |
||
| 999 |
_c2345 _d2345 |
||
| 912 |
_a1 _bHiển Phạm |
||